| 000 | 00384nam a22001217a 4500 | ||
|---|---|---|---|
| 999 |
_c526974 _d526974 |
||
| 020 | _a9788196644437 | ||
| 082 | _aB142x5434 B469 | ||
| 100 |
_aBhushan, Shwetanshu _946746 |
||
| 245 |
_aBreaking boundaries: women's journeys in Rajasthan's cultural tapestry _cby Shwetanshu Bhushan |
||
| 260 |
_aNew Delhi _bVL Media _c2024 |
||
| 300 | _a106p. | ||
| 650 |
_aWomen - India - Rajasthan _946747 |
||